| 000 | 01212 a2200205 4500 | ||
|---|---|---|---|
| 001 | 60578 | ||
| 005 | 20260407155857.0 | ||
| 008 | 260407a1977 arg spa d | ||
| 003 | AR-UNSa-BCEJYS | ||
| 040 |
_aAR-UNSa-BCEJYS _bspa _cAR-UNSa-BCEJYS |
||
| 080 |
_a659.3 _xInformación para el gran público. Medios de comunicación de masas |
||
| 245 | 1 | 0 | _aLa comunicación de masas |
| 264 | 1 |
_aBuenos Aires : _bCentro Editor de America Latina _c1977 |
|
| 300 |
_a190 p. _c19 cm. |
||
| 505 | _a1. Comunicación de masas, gusto popular y acción social organizada / P.F Lazarsfeld y R.K Merton – 2. Perspectivas históricas de la cultura popular / Leo Lowenthal – 3. Exámen de los efectos de la comunicación de masas con especial referencia a la televisión / J.D Halloran – 4. Dos factores psicológicos en la conducta del público de los medios masivos de comunicación / G.D Wiebe – 5. Estudio sobre la comunicación de masas / Edgar Morin – 6. El poder de las cadenas de radio y TV en los Estados Unidos / Collage – 7. Aproximaciones a la expresión publicitaria / Lisa Block de Behar | ||
| 041 | _aspa | ||
| 942 | _cBK | ||
| 590 | _aniveau_biblio:m niveau_hierar:0 | ||
| 100 | 1 | _aMuraro, Heriberto | |
| 999 |
_c7043 _d7043 |
||